King Kong Monsters by Appearance - Statistics

General Stats
  • This quiz has been taken 41 times
    5 since last reset
  • The average score is 50 of 117
Answer Stats
Movie Answer % Correct
Godzilla X Kong: The New Empire (2024) | Godzilla vs Kong (2021) | King Kong vs Godzilla (1962) | Monarch: Legacy of Monsters (Season 2) (2026) Godzilla
100%
Godzilla vs Kong (2021) Mechagodzilla
100%
Godzilla X Kong: The New Empire (2024) Mothra
100%
Godzilla X Kong: The New Empire (2024) | Godzilla vs Kong (2021) | King Kong (1933) | +8 others King Kong
80%
King Kong (1933) | King Kong (2005) | Son of Kong (1933) Brontosaurus
60%
Godzilla X Kong: The New Empire (2024) | Godzilla vs Kong (2021) Doug
60%
Godzilla X Kong: The New Empire (2024) Drown Viper
60%
King Kong vs Godzilla (1962) Giant Octopus
60%
Godzilla X Kong: The New Empire (2024) Gnarled Finger
60%
King Kong Escapes (1967) Gorosaurus
60%
Godzilla vs Kong (2021) Hellhawk
60%
Godzilla X Kong: The New Empire (2024) Hell Hawk
60%
Skull Island (2023) Kraken
60%
Godzilla X Kong: The New Empire (2024) | Godzilla vs Kong (2021) | Kong: Skull Island (2017) | Monarch: Legacy of Monsters (Season 2) (2026) Leafwing
60%
King Kong (1933) Meat-Eater
60%
King Kong Escapes (1967) Mechani-Kong
60%
Kong: Skull Island (2017) Mire Squid
60%
Kong: Skull Island (2017) Mother Longlegs
60%
Godzilla X Kong: The New Empire (2024) One Eye
60%
Godzilla X Kong: The New Empire (2024) Parrot Frog
60%
King Kong (1933) Pteranodon
60%
Godzilla X Kong: The New Empire (2024) Scylla
60%
Godzilla X Kong: The New Empire (2024) Shimo
60%
Godzilla X Kong: The New Empire (2024) Skar King
60%
Kong: Skull Island (2017) Sker Buffalo
60%
Godzilla vs Kong (2021) | Kong: Skull Island (2017) | Skull Island (2023) Skull Crawler
60%
Kong: Skull Island (2017) Spore Mantis
60%
King Kong (1933) Stegosaurus
60%
Godzilla X Kong: The New Empire (2024) Suko
60%
Godzilla X Kong: The New Empire (2024) Tiamat
60%
King Kong (2005) Vastatosaurus rex
60%
Godzilla X Kong: The New Empire (2024) | Godzilla vs Kong (2021) Warbat
60%
Godzilla X Kong: The New Empire (2024) Boots
40%
Son of Kong (1933) Cave Bear
40%
Skull Island (2023) Dog
40%
King Kong (1933) Elasmosaurus
40%
King Kong (1976) Giant Boa
40%
King Kong vs Godzilla (1962) Giant Lizard
40%
King Kong Escapes (1967) Giant Sea Serpent
40%
Son of Kong (1933) Kiko
40%
Skull Island (2023) Killer Chameleon
40%
Godzilla vs Kong (2021) Rockclaw
40%
Monarch: Legacy of Monsters (Season 2) (2026) Scarab
40%
Monarch: Legacy of Monsters (Season 2) (2026) Titan X
40%
King Kong (2005) Venatosaurus
40%
Godzilla X Kong: The New Empire (2024) Vertacine
40%
Monarch: Legacy of Monsters (Season 2) (2026) Vinestrangler
40%
Godzilla X Kong: The New Empire (2024) Wart Dog
40%
King Kong (2005) Arachno-claw
20%
King Kong Lives (1986) Baby Kong
20%
Monarch: Legacy of Monsters (Season 2) (2026) Brambleboar
20%
King Kong (2005) Brutornis
20%
King Kong (2005) Carnictus
20%
Godzilla X Kong: The New Empire (2024) Catcher
20%
Son of Kong (1933) Dragon
20%
King Kong (2005) Ferrucutus
20%
Godzilla X Kong: The New Empire (2024) Fly Guy
20%
King Kong (2005) Foetodon
20%
Godzilla X Kong: The New Empire (2024) Great Ape
20%
Skull Island (2023) Hawk Monster
20%
Godzilla X Kong: The New Empire (2024) Hollow Earth Grub
20%
Godzilla X Kong: The New Empire (2024) Knob
20%
King Kong Lives (1986) Lady Kong
20%
King Kong (2005) Megapede dereponecis
20%
Monarch: Legacy of Monsters (Season 2) (2026) Needlewalker
20%
Skull Island (2023) Nightboy
20%
King Kong (2005) Piranhadon
20%
Monarch: Legacy of Monsters (Season 2) (2026) Psycho Vulture
20%
King Kong (1933) Scavenger Raven
20%
Son of Kong (1933) Sea Serpent
20%
Skull Island (2023) Skull Island Birds
20%
Skull Island (2023) Skull Island Fish
20%
Monarch: Legacy of Monsters (Season 2) (2026) Skull Island Grub
20%
Godzilla X Kong: The New Empire (2024) Stone Fist
20%
Son of Kong (1933) Styracosaurs
20%
King Kong (2005) Terapusmordax
20%
Godzilla X Kong: The New Empire (2024) Tree Mimic
20%
King Kong (1933) Two-Legged Lizard
20%
Monarch: Legacy of Monsters (Season 2) (2026) Vinerat
20%
King Kong (2005) Weta-rex
20%
Skull Island (2023) Aloe Turtle
0%
King Kong (2005) Celocimex
0%
Skull Island (2023) Croc Monster
0%
King Kong (2005) Decarnocimex
0%
King Kong (2005) Deplector
0%
Skull Island (2023) Dodo Bird
0%
Skull Island (2023) Giant Ant
0%
Skull Island (2023) Giant Centipede
0%
Skull Island (2023) Grass Hedgehog
0%
King Kong (2005) Noxmuscus
0%
Skull Island (2023) Rock Bug
0%
King Kong (2005) Scorpio-pede
0%
Skull Island (2023) Trapdoor Crab
0%
Skull Island (2023) Venus Fly Trap Creature
0%
Skull Island (2023) Vine Snake
0%
No matching quizzes found
Score Distribution
Percent of People with Each Score
Percentile by Number Answered
Your Score History
You have not taken this quiz since the last reset